<?xml version="1.0" encoding="UTF-8"?><?xml-stylesheet type="text/xsl" href="static/style.xsl"?><OAI-PMH xmlns="http://www.openarchives.org/OAI/2.0/" xmlns:xsi="http://www.w3.org/2001/XMLSchema-instance" xsi:schemaLocation="http://www.openarchives.org/OAI/2.0/ http://www.openarchives.org/OAI/2.0/OAI-PMH.xsd"><responseDate>2026-04-19T06:34:27Z</responseDate><request verb="GetRecord" identifier="oai:riubu.ubu.es:10259/8490" metadataPrefix="marc">https://riubu.ubu.es/oai/request</request><GetRecord><record><header><identifier>oai:riubu.ubu.es:10259/8490</identifier><datestamp>2024-01-27T01:05:17Z</datestamp><setSpec>com_10259_7570</setSpec><setSpec>com_10259_3989</setSpec><setSpec>com_10259.4_106</setSpec><setSpec>com_10259_2604</setSpec><setSpec>col_10259_7571</setSpec></header><metadata><record xmlns="http://www.loc.gov/MARC21/slim" xmlns:doc="http://www.lyncode.com/xoai" xmlns:xsi="http://www.w3.org/2001/XMLSchema-instance" xmlns:dcterms="http://purl.org/dc/terms/" xsi:schemaLocation="http://www.loc.gov/MARC21/slim http://www.loc.gov/standards/marcxml/schema/MARC21slim.xsd">
<leader>00925njm 22002777a 4500</leader>
<datafield tag="042" ind1=" " ind2=" ">
<subfield code="a">dc</subfield>
</datafield>
<datafield tag="720" ind1=" " ind2=" ">
<subfield code="a">Muelas Lobato, Roberto</subfield>
<subfield code="e">author</subfield>
</datafield>
<datafield tag="720" ind1=" " ind2=" ">
<subfield code="a">Moya, Miguel</subfield>
<subfield code="e">author</subfield>
</datafield>
<datafield tag="720" ind1=" " ind2=" ">
<subfield code="a">Trujillo, Humberto M.</subfield>
<subfield code="e">author</subfield>
</datafield>
<datafield tag="260" ind1=" " ind2=" ">
<subfield code="c">2020-06</subfield>
</datafield>
<datafield tag="520" ind1=" " ind2=" ">
<subfield code="a">Oppression, frustration, and humiliation are some of the most critical variables when predicting political violence. There are, however, other factors, such as group support and violent narratives/ideologies, involved in this relationship. Moreover, contextual and group characteristics should also be taken into account. Thus, we conduct an empirical study in the context of Catalonia versus Spain conflict, taking into account group status and other related variables proposed by the 3N model of radicalization. Based on the principles of significance quest theory and identity fusion theory, the following four hypotheses were proposed: (H1) fused individuals will be more prone to engage in different forms of progroup behavior, as well as (H2) more sensitive to collective losses of significance; (H3) the collective loss of significance will mediate the relationship between identity fusion and progroup behaviors; and (H4) majority/minority-status will moderate these functional relationships. The results indicated that identity fusion predicted intentions of activism through perceived oppression in the majority- and minority-status groups, while identity fusion predicted the intentions of radicalism through perceived oppression in the minority- but not in the majority-status group. The theoretical and contextual implications of the findings are discussed.</subfield>
</datafield>
<datafield tag="024" ind2=" " ind1="8">
<subfield code="a">1529-7489</subfield>
</datafield>
<datafield tag="024" ind2=" " ind1="8">
<subfield code="a">http://hdl.handle.net/10259/8490</subfield>
</datafield>
<datafield tag="024" ind2=" " ind1="8">
<subfield code="a">10.1111/asap.12207</subfield>
</datafield>
<datafield tag="024" ind2=" " ind1="8">
<subfield code="a">1530-2415</subfield>
</datafield>
<datafield ind1=" " ind2=" " tag="653">
<subfield code="a">Identity fusion</subfield>
</datafield>
<datafield ind1=" " ind2=" " tag="653">
<subfield code="a">Perceived oppresion</subfield>
</datafield>
<datafield ind1=" " ind2=" " tag="653">
<subfield code="a">Intentions of activism and radicalism</subfield>
</datafield>
<datafield ind1=" " ind2=" " tag="653">
<subfield code="a">Majority/minority-status</subfield>
</datafield>
<datafield ind1=" " ind2=" " tag="653">
<subfield code="a">Spanish context</subfield>
</datafield>
<datafield tag="245" ind1="0" ind2="0">
<subfield code="a">Minority‐ versus Majority‐Status Group Intentions to Transgress the Law When Oppression Is Perceived </subfield>
</datafield>
</record></metadata></record></GetRecord></OAI-PMH>